Sports Quiz

Random Sports or Decade Quiz

NFL Rushing Yards Leaders by Decade Quiz Stats

Quiz Updated Apr 13, 2016

Challenge
Share
Tweet
Embed
Score 0/30 Timer 06:00
2 Plays Today
Answer % Correct
Emmitt Smith
93.4%
Jim Brown
83.5%
Jim Brown
83.5%
Barry Sanders
82.5%
Walter Payton
80.8%
Walter Payton
80.8%
LaDainian Tomlinson
79%
Eric Dickerson
68%
O.J. Simpson
63.7%
Jerome Bettis
63.3%
Edgerrin James
55.6%
Franco Harris
52.8%
Thurman Thomas
52%
Jamal Lewis
48.7%
John Riggins
46.5%
Answer % Correct
Tony Dorsett
44.5%
Jim Taylor
44.4%
Fred Taylor
44.4%
Larry Csonka
41.9%
Ottis Anderson
40.7%
Clinton Portis
36.2%
Ricky Watters
29%
Gerald Riggs
16.3%
Joe Perry
9.6%
Hugh McElhenny
3.1%
Don Perkins
2.3%
Ollie Matson
2.1%
Rick Casares
1.9%
Dick Bass
1.7%
Clem Daniels
1.5%

You're not logged in!

Compare scores with friends on all Sporcle quizzes.
Sign Up with Email
OR
Log In

You Might Also Like...

Show Comments

Extras

Top Quizzes Today


Score Distribution

Your Account Isn't Verified!

In order to create a playlist on Sporcle, you need to verify the email address you used during registration. Go to your Sporcle Settings to finish the process.